The Racial State : (Record no. 14337)
[ view plain ]
| 000 -LEADER | |
|---|---|
| fixed length control field | 01493cam a2200349 a 4500 |
| 001 - CONTROL NUMBER | |
| control field | 1996898 |
| 005 - DATE AND TIME OF LATEST TRANSACTION | |
| control field | 20020824203535.0 |
| 008 - FIXED-LENGTH DATA ELEMENTS--GENERAL INFORMATION | |
| fixed length control field | 901002s1991 enka | b 001 0 eng d |
| 010 ## - LIBRARY OF CONGRESS CONTROL NUMBER | |
| LC control number | 90020209 |
| 020 ## - INTERNATIONAL STANDARD BOOK NUMBER | |
| International Standard Book Number | 0521391148 |
| 020 ## - INTERNATIONAL STANDARD BOOK NUMBER | |
| International Standard Book Number | 0521398029 (pbk.) |
| 040 ## - CATALOGING SOURCE | |
| Original cataloging agency | DLC |
| Transcribing agency | DLC |
| Modifying agency | DLC |
| 043 ## - GEOGRAPHIC AREA CODE | |
| Geographic area code | e-gx--- |
| 050 00 - LIBRARY OF CONGRESS CALL NUMBER | |
| Classification number | DD256.5 |
| Item number | .B93 1991 |
| 082 00 - DEWEY DECIMAL CLASSIFICATION NUMBER | |
| Classification number | 323.14309043 |
| Edition number | 20 |
| Item number | BUR |
| 100 1# - MAIN ENTRY--PERSONAL NAME | |
| Personal name | Burleigh, Michael, |
| Dates associated with a name | 1955- |
| 9 (RLIN) | 15697 |
| 245 14 - TITLE STATEMENT | |
| Title | The Racial State : |
| Remainder of title | Germany, 1933-1945 / |
| Statement of responsibility, etc | Michael Burleigh, Wolfgang Wippermann. |
| 260 ## - PUBLICATION, DISTRIBUTION, ETC. (IMPRINT) | |
| Place of publication, distribution, etc | Cambridge [England] : |
| Name of publisher, distributor, etc | Cambridge University Press, |
| Date of publication, distribution, etc | 1991. |
| 300 ## - PHYSICAL DESCRIPTION | |
| Extent | xiv, 386 p. : |
| Other physical details | ill. ; |
| Dimensions | 24 cm. |
| 504 ## - BIBLIOGRAPHY, ETC. NOTE | |
| Bibliography, etc | Includes bibliographical references and index. |
| 541 ## - IMMEDIATE SOURCE OF ACQUISITION NOTE | |
| Source of acquisition | Bacca ; |
| 650 #0 - SUBJECT ADDED ENTRY--TOPICAL TERM | |
| Topical term or geographic name as entry element | Minorities |
| Geographic subdivision | Germany |
| General subdivision | History |
| Chronological subdivision | 20th century. |
| 9 (RLIN) | 15698 |
| 651 #0 - SUBJECT ADDED ENTRY--GEOGRAPHIC NAME | |
| Geographic name | Germany |
| General subdivision | History |
| Chronological subdivision | 1933-1945. |
| 9 (RLIN) | 15699 |
| 651 #0 - SUBJECT ADDED ENTRY--GEOGRAPHIC NAME | |
| Geographic name | Germany |
| General subdivision | Race relations. |
| 9 (RLIN) | 15700 |
| 651 #0 - SUBJECT ADDED ENTRY--GEOGRAPHIC NAME | |
| Geographic name | Germany |
| General subdivision | Social policy. |
| 9 (RLIN) | 15701 |
| 700 1# - ADDED ENTRY--PERSONAL NAME | |
| Personal name | Wippermann, Wolfgang, |
| Dates associated with a name | 1945- |
| 9 (RLIN) | 15702 |
| 856 42 - ELECTRONIC LOCATION AND ACCESS | |
| Materials specified | Publisher description |
| Uniform Resource Identifier | <a href="http://www.loc.gov/catdir/description/cam024/90020209.html">http://www.loc.gov/catdir/description/cam024/90020209.html</a> |
| 856 41 - ELECTRONIC LOCATION AND ACCESS | |
| Materials specified | Table of contents |
| Uniform Resource Identifier | <a href="http://www.loc.gov/catdir/toc/cam021/90020209.html">http://www.loc.gov/catdir/toc/cam021/90020209.html</a> |
| 942 ## - ADDED ENTRY ELEMENTS (KOHA) | |
| Source of classification or shelving scheme | Dewey Decimal Classification |
| Item type | Book - Borrowing |
| Withdrawn status | Item status | Source of classification or shelving scheme | Damaged status | Not for loan | Vendor | Home library | Current library | Shelving location | Date acquired | Source of acquisition | Cost, normal purchase price | Serial Enumeration / chronology | Total Checkouts | Total Renewals | Full call number | Barcode | Date last seen | Date last borrowed | Koha item type |
|---|---|---|---|---|---|---|---|---|---|---|---|---|---|---|---|---|---|---|---|
| Dewey Decimal Classification | Baccah | Central Library | Central Library | First floor | 01/07/2010 | 168.00 | 10498 | 2 | 104 | 323.14309043 BUR | 000021397 | 15/07/2025 | 04/01/2015 | Book - Borrowing |